000 01206nam a22003497a 4500
003 CHAP
005 20220329140653.0
008 971013s1976 r 00010 d
010 _a55763
011 _a56735
035 _a60888
040 _cCHAP
082 _a338.19
_bS2
100 0 0 _aScrimshaw, Nevin S.
_eed.
_9103424
245 _aNutrition and agricultural development significance and potential for the tropios
260 _aNew York :
_bPlenum,
_c1976
300 _a500 p.
_b: ilus. ; gráfs.
490 _aBasic life science
_v; 7
590 _aBATCH-UPD
_b10
_c20130110
_lUCH01
_h0733
590 _aBATCH-UPD
_b10
_c20130410
_lUCH01
_h0416
590 _aBATCH-UPD
_b10
_c20130913
_lUCH01
_h2356
590 _aCONVERSION
_b10
_c20130109
_lUCH01
_h1330
650 1 4 _aAgricultura
_xTrópicos.
_91888
650 1 4 _aAlimentos
_xAbastecimiento
_xTropicos.
_94145
650 1 4 _aNutrición.
_982246
700 0 _aBéhar, Moisés.
_913363
711 0 _aSymposium on Nutrition and Economic Development in the Tropics (1974 : Guatemala)
_9111044
830 0 _aBasic life science
_v; 7
_910691
901 _aBK
942 _cLIBRO
949 _a338.19 S2
_bBC
_cLIBRO
_d33724000415790
_eLIBRO
_h41071
_i60888
_mD
_si
999 _c55763
_d55763